Normal view
MARC view
Entry Uniform Title
001 - CONTROL NUMBER
- control field: 41723
003 - CONTROL NUMBER IDENTIFIER
- control field: dpl
005 - DATE AND TIME OF LATEST TRANSACTION
- control field: 20120213121311.0
008 - FIXED-LENGTH DATA ELEMENTS
- fixed length control field: 120213|||a|||||| | ||| d
040 ## - CATALOGING SOURCE
- Original cataloging agency: dpl
- Transcribing agency: dpl
130 ## - HEADING--UNIFORM TITLE
- Uniform title: Best selected plays series
670 ## - SOURCE DATA FOUND
- Source citation: Work cat.: (dpl)59064: Shakespeare, William 41722, As you like it /
670 ## - SOURCE DATA FOUND
- Source citation: Work cat.: (dpl)59064: Shakespeare, William 41722, As you like it /
